| 000 | 01996cam a22002655a 4500 | ||
|---|---|---|---|
| 001 | 18599786 | ||
| 005 | 20160302105713.0 | ||
| 008 | 150501s2016 enk frb 001 0 eng d | ||
| 020 | _a9781138909816 | ||
| 040 |
_aDLC _beng _cDLC _dDLC _dEG-ScBUE |
||
| 043 | _af------ | ||
| 082 | 0 | 4 |
_224 _a327.6 _bAFR |
| 245 | 0 | 0 |
_aAfrica in global international relations : _bemerging approaches to theory and practice / _cedited by Paul-Henri Bischoff, Kwesi Aning, and Amitav Acharya. |
| 260 |
_aOxon ; _aNew York : _bRoutledge / Taylor & Francis Group, _c2016. |
||
| 300 |
_axvii, 180 p. ; _c25 cm. |
||
| 490 | 0 |
_aRoutledge studies in African politics and international relations ; _v9 |
|
| 500 | _aIndex : p. 175-180. | ||
| 504 | _aIncludes bibliographical references. | ||
| 505 | 0 | _aAfrica in Global International Relations : Emerging Approaches to Theory and Practice : An Introduction / Paul-Henri Bischoff Kwesi Aning and Amitav Acharya -- A Critique of Failing International Relations Theories in African Tests / Ahmed Salem -- Feminist IR and the study of Africa : (still) together on the theoretical margins? / Heidi Hudson -- Disciplining the Developing World? : Perspectives from a South African IR / Candice Moore -- Soft balancing among African weak states : A challenge to Realists International Relations Theory / Leslie Blaauw -- Africa in international relations : agent, bystander or victim? / Jo-Ansie van Wyck -- An Emerging, Established or Receding Normative Agent? : Probing the African Union's Recent Response to and Intervention in Libya / Gerrie Swart -- Africanizing the international and internationalizing Africa : security, war on terror and Mali / Kwesi Aning and Nancy Annan -- Bridging the Gap : The Pan-African School and International Relations Theory / Tim Murithi. | |
| 651 | 0 |
_aAfrica _xForeign relations. _2BUEsh |
|
| 651 | 0 |
_aInternational relations _xPhilosophy. _2BUEsh |
|
| 653 |
_bBUSBOL _cMarch2016 |
||
| 700 | 1 |
_aBischoff, Paul, _d1954- _eeditor. |
|
| 942 | _2ddc | ||
| 999 |
_c21298 _d21270 |
||